ARRUPE JESUIT UNIVERSITY

CORONAVIRUS -STOP THE SPREAD - CLEAN,DISINFECT,COVER

Poverty to prosperity : (Record no. 129947)

MARC details
000 -LEADER
fixed length control field 01223cam a2200337 a 4500
001 - CONTROL NUMBER
control field 13104983
003 - CONTROL NUMBER IDENTIFIER
control field ARRUPE
005 - DATE AND TIME OF LATEST TRANSACTION
control field 20191017110615.0
008 - FIXED-LENGTH DATA ELEMENTS--GENERAL INFORMATION
fixed length control field 030226s2002 sa a b 001 0 eng d
010 ## - LIBRARY OF CONGRESS CONTROL NUMBER
LC control number 2003390177
020 ## - INTERNATIONAL STANDARD BOOK NUMBER
International Standard Book Number 0624041794
035 ## - SYSTEM CONTROL NUMBER
System control number (OCoLC)ocm51521853
040 ## - CATALOGING SOURCE
Original cataloging agency EMU
Transcribing agency EMU
Modifying agency DLC
042 ## - AUTHENTICATION CODE
Authentication code lccopycat
043 ## - GEOGRAPHIC AREA CODE
Geographic area code f------
050 00 - LIBRARY OF CONGRESS CALL NUMBER
Classification number HC800
Item number .M54 2002
082 00 - DEWEY DECIMAL CLASSIFICATION NUMBER
Classification number 338.96
Edition number 22
300 ## - PHYSICAL DESCRIPTION
Other physical details ill. ;
Dimensions 22 cm.
100 1# - MAIN ENTRY--PERSONAL NAME
Personal name Mills, Greg,
Titles and other words associated with a name Dr.
9 (RLIN) 48435
245 10 - TITLE STATEMENT
Title Poverty to prosperity :
Remainder of title globalisation, good governance and African recovery /
Statement of responsibility, etc Greg Mills.
260 ## - PUBLICATION, DISTRIBUTION, ETC. (IMPRINT)
Place of publication, distribution, etc Johannesburg :
Name of publisher, distributor, etc South African Institute of International Affairs assisted by the Sir Ernest Oppenheimer Memorial Trust :
Place of publication, distribution, etc Cape Town :
Name of publisher, distributor, etc Tafelberg,
Date of publication, distribution, etc c2002.
300 ## - PHYSICAL DESCRIPTION
Extent 275 p. :
504 ## - BIBLIOGRAPHY, ETC. NOTE
Bibliography, etc Includes bibliographical references and index.
650 #0 - SUBJECT ADDED ENTRY--TOPICAL TERM
Topical term or geographic name as entry element Economic development.
9 (RLIN) 9273
650 #0 - SUBJECT ADDED ENTRY--TOPICAL TERM
Topical term or geographic name as entry element Globalization.
9 (RLIN) 4951
651 #0 - SUBJECT ADDED ENTRY--GEOGRAPHIC NAME
Geographic name Africa
General subdivision Economic conditions
Chronological subdivision 1960-
9 (RLIN) 3231
651 #0 - SUBJECT ADDED ENTRY--GEOGRAPHIC NAME
Geographic name Africa
General subdivision Economic policy.
9 (RLIN) 12207
906 ## - LOCAL DATA ELEMENT F, LDF (RLIN)
a 7
b cbc
c copycat
d 3
e ncip
f 20
g y-gencatlg
942 ## - ADDED ENTRY ELEMENTS (KOHA)
Source of classification or shelving scheme Library of Congress Classification
Koha item type Monograph ( Printed materials)
Holdings
Withdrawn status Lost status Source of classification or shelving scheme Damaged status Not for loan Collection code Home library Current library Shelving location Date acquired Total Checkouts Full call number Barcode Date last seen Price effective from Koha item type
    Library of Congress Classification     Main Collection ARRUPE LIBRARY ARRUPE LIBRARY Main Collection 17/10/2019   HC800 .M54 2002 46600005577 17/10/2019 17/10/2019 Monograph ( Printed materials)

 

Arrupe Library. PO Box MP320 Mt Pleasant, Harare, Zimbabwe
263 242 745411|librarian@aju.ac.zw